000
00334nam a2200145Ia 4500
008
150201s2009 xx 000 0 und d
082
_a
610
_b
D09R
100
_a
RAMAN ,P.G.
245
_a
DIABETES MELLITUS
250
_a
3RD
260
_b
AITBS
_a
DELHI
_c
2009
300
_a
1-643
650
_a
MEDICINE AND DIAGNOSIS
942
_2
ddc
_c
BK
999
_c
1359
_d
1359